000 00404nam a2200181Ia 4500
005 20250423101315.0
008 250422s9999 xx 000 0 und d
020 _a0-385-51043-8
050 _aPS 3247 .R5355 L37/
100 _aGrisham, John
245 4 _aThe last juror
260 _aNew York
260 _bDoubleday
260 _c2004
300 _a355 p
650 _aLiterature
942 _cBK
999 _c35919
_d35919